<?xml version="1.0" encoding="UTF-8"?>
<collection xmlns="http://www.loc.gov/MARC21/slim">
 <record>
  <leader>06160cam a2200997   4500</leader>
  <controlfield tag="001">873124812</controlfield>
  <controlfield tag="003">DE-627</controlfield>
  <controlfield tag="005">20240219080907.0</controlfield>
  <controlfield tag="007">tu</controlfield>
  <controlfield tag="008">161216s2016    fr |||||      00| ||fre c</controlfield>
  <datafield tag="020" ind1=" " ind2=" ">
   <subfield code="a">9782356131737</subfield>
   <subfield code="9">978-2-35613-173-7</subfield>
  </datafield>
  <datafield tag="020" ind1=" " ind2=" ">
   <subfield code="a">2356131736</subfield>
   <subfield code="9">2-35613-173-6</subfield>
  </datafield>
  <datafield tag="024" ind1="3" ind2=" ">
   <subfield code="a">9782356131737</subfield>
  </datafield>
  <datafield tag="035" ind1=" " ind2=" ">
   <subfield code="a">(DE-627)873124812</subfield>
  </datafield>
  <datafield tag="035" ind1=" " ind2=" ">
   <subfield code="a">(DE-576)481062890</subfield>
  </datafield>
  <datafield tag="035" ind1=" " ind2=" ">
   <subfield code="a">(DE-599)BVBBV043884458</subfield>
  </datafield>
  <datafield tag="035" ind1=" " ind2=" ">
   <subfield code="a">(OCoLC)966607900</subfield>
  </datafield>
  <datafield tag="035" ind1=" " ind2=" ">
   <subfield code="a">(DE-604)BV043884458</subfield>
  </datafield>
  <datafield tag="035" ind1=" " ind2=" ">
   <subfield code="a">(ZDB-21-EIL)3185379</subfield>
  </datafield>
  <datafield tag="040" ind1=" " ind2=" ">
   <subfield code="a">DE-627</subfield>
   <subfield code="b">ger</subfield>
   <subfield code="c">DE-627</subfield>
   <subfield code="e">rda</subfield>
  </datafield>
  <datafield tag="041" ind1=" " ind2=" ">
   <subfield code="a">fre</subfield>
   <subfield code="a">eng</subfield>
  </datafield>
  <datafield tag="044" ind1=" " ind2=" ">
   <subfield code="c">XA-FR</subfield>
  </datafield>
  <datafield tag="050" ind1=" " ind2="0">
   <subfield code="a">DC</subfield>
  </datafield>
  <datafield tag="082" ind1="0" ind2=" ">
   <subfield code="a">907.2</subfield>
  </datafield>
  <datafield tag="082" ind1="0" ind2=" ">
   <subfield code="a">936</subfield>
   <subfield code="2">14</subfield>
  </datafield>
  <datafield tag="082" ind1="0" ind2=" ">
   <subfield code="a">938</subfield>
  </datafield>
  <datafield tag="084" ind1=" " ind2=" ">
   <subfield code="a">KUNST</subfield>
   <subfield code="q">DE-16</subfield>
   <subfield code="2">fid</subfield>
  </datafield>
  <datafield tag="084" ind1=" " ind2=" ">
   <subfield code="a">6,12</subfield>
   <subfield code="2">ssgn</subfield>
  </datafield>
  <datafield tag="084" ind1=" " ind2=" ">
   <subfield code="a">NG 1700</subfield>
   <subfield code="q">BVB</subfield>
   <subfield code="2">rvk</subfield>
   <subfield code="0">(DE-625)rvk/125420:</subfield>
  </datafield>
  <datafield tag="084" ind1=" " ind2=" ">
   <subfield code="a">NH 7744</subfield>
   <subfield code="q">BVB</subfield>
   <subfield code="2">rvk</subfield>
   <subfield code="0">(DE-625)rvk/125787:12249</subfield>
  </datafield>
  <datafield tag="084" ind1=" " ind2=" ">
   <subfield code="a">15.09</subfield>
   <subfield code="2">bkl</subfield>
  </datafield>
  <datafield tag="084" ind1=" " ind2=" ">
   <subfield code="a">15.13</subfield>
   <subfield code="2">bkl</subfield>
  </datafield>
  <datafield tag="084" ind1=" " ind2=" ">
   <subfield code="a">15.19</subfield>
   <subfield code="2">bkl</subfield>
  </datafield>
  <datafield tag="084" ind1=" " ind2=" ">
   <subfield code="a">15.28</subfield>
   <subfield code="2">bkl</subfield>
  </datafield>
  <datafield tag="245" ind1="1" ind2="0">
   <subfield code="a">Monnaies et monétarisation dans les campagnes de la Gaule du Nord et de l'Est, de l'Age du Fer à l'Antiquité tardive</subfield>
   <subfield code="c">textes réunis et édités par Stéphane Martin</subfield>
  </datafield>
  <datafield tag="246" ind1="1" ind2=" ">
   <subfield code="i">Abweichender Titel</subfield>
   <subfield code="a">Actes du séminaire tenu le 11 septembre 2015 à l'Institut national d'histoire de l'art</subfield>
  </datafield>
  <datafield tag="264" ind1=" " ind2="1">
   <subfield code="a">Bordeaux</subfield>
   <subfield code="b">Ausonius éditions</subfield>
   <subfield code="c">2016</subfield>
  </datafield>
  <datafield tag="300" ind1=" " ind2=" ">
   <subfield code="a">201 Seiten</subfield>
   <subfield code="b">Illustrationen, Diagramme, Karten, Pläne</subfield>
   <subfield code="c">24 cm</subfield>
  </datafield>
  <datafield tag="336" ind1=" " ind2=" ">
   <subfield code="a">Text</subfield>
   <subfield code="b">txt</subfield>
   <subfield code="2">rdacontent</subfield>
  </datafield>
  <datafield tag="337" ind1=" " ind2=" ">
   <subfield code="a">ohne Hilfsmittel zu benutzen</subfield>
   <subfield code="b">n</subfield>
   <subfield code="2">rdamedia</subfield>
  </datafield>
  <datafield tag="338" ind1=" " ind2=" ">
   <subfield code="a">Band</subfield>
   <subfield code="b">nc</subfield>
   <subfield code="2">rdacarrier</subfield>
  </datafield>
  <datafield tag="490" ind1="1" ind2=" ">
   <subfield code="a">Ausonius éditions</subfield>
   <subfield code="a">Scripta antiqua</subfield>
   <subfield code="v">91</subfield>
  </datafield>
  <datafield tag="500" ind1=" " ind2=" ">
   <subfield code="a">Proceedings of a conference</subfield>
  </datafield>
  <datafield tag="520" ind1=" " ind2=" ">
   <subfield code="a">D'un côté, on trouverait les citadins, le monde marchand et l'économie monétaire ; de l'autre, des campagnards autarciques pratiquant le troc, n'utilisant la monnaie qu'en de rares occasions. Encore répandue, cette vision de l'économie antique est pourtant mise à mal depuis quelques décennies par les progrès de la recherche archéologique. En se fondant sur ces données récentes, dont certaines inédites, cet ouvrage cherche à comprendre comment la monnaie circulait dans le monde rural de la Gaule du Nord.0Le problème est abordé dans une série d'études de cas couvrant largement la moitié nord de la France, la Suisse, la Belgique, ainsi que le Luxembourg, l'Allemagne et les Pays-Bas. L'étude est menée sur la longue durée, depuis le IIe s. a. C. jusqu'au Ve s. p. C., afin d'évaluer au mieux les effets de la conquête romaine, puis du passage du Principat à l'Antiquité tardive.</subfield>
  </datafield>
  <datafield tag="546" ind1=" " ind2=" ">
   <subfield code="a">Beiträge teilweise französisch, teilweise englisch</subfield>
  </datafield>
  <datafield tag="583" ind1="1" ind2=" ">
   <subfield code="a">Archivierung/Langzeitarchivierung gewährleistet</subfield>
   <subfield code="f">FID</subfield>
   <subfield code="2">pdager</subfield>
   <subfield code="5">DE-16</subfield>
  </datafield>
  <datafield tag="650" ind1=" " ind2="0">
   <subfield code="a">Coins, Roman</subfield>
   <subfield code="v">Congresses</subfield>
  </datafield>
  <datafield tag="650" ind1=" " ind2="0">
   <subfield code="a">Coinage</subfield>
   <subfield code="z">Europe</subfield>
   <subfield code="x">History</subfield>
   <subfield code="y">To 1500</subfield>
   <subfield code="v">Congresses</subfield>
  </datafield>
  <datafield tag="650" ind1=" " ind2="0">
   <subfield code="a">Excavations (Archaeology)</subfield>
   <subfield code="z">Europe</subfield>
   <subfield code="v">Congresses</subfield>
  </datafield>
  <datafield tag="650" ind1=" " ind2="0">
   <subfield code="a">Coins, Roman</subfield>
   <subfield code="z">Gaul</subfield>
   <subfield code="v">Congresses</subfield>
  </datafield>
  <datafield tag="651" ind1=" " ind2="0">
   <subfield code="a">Europe</subfield>
   <subfield code="x">Antiquities</subfield>
   <subfield code="v">Congresses</subfield>
  </datafield>
  <datafield tag="651" ind1=" " ind2="0">
   <subfield code="a">Gaul</subfield>
   <subfield code="x">Antiquities</subfield>
   <subfield code="v">Congresses</subfield>
  </datafield>
  <datafield tag="651" ind1=" " ind2="0">
   <subfield code="a">Europe</subfield>
   <subfield code="x">Economic conditions</subfield>
   <subfield code="y">To 1492</subfield>
   <subfield code="v">Congresses</subfield>
  </datafield>
  <datafield tag="655" ind1=" " ind2="7">
   <subfield code="a">Konferenzschrift</subfield>
   <subfield code="y">2015</subfield>
   <subfield code="z">Paris</subfield>
   <subfield code="0">(DE-588)1071861417</subfield>
   <subfield code="0">(DE-627)826484824</subfield>
   <subfield code="0">(DE-576)433375485</subfield>
   <subfield code="2">gnd-content</subfield>
  </datafield>
  <datafield tag="689" ind1="0" ind2="0">
   <subfield code="d">g</subfield>
   <subfield code="0">(DE-588)4242715-0</subfield>
   <subfield code="0">(DE-627)104392398</subfield>
   <subfield code="0">(DE-576)210448490</subfield>
   <subfield code="a">Gallien</subfield>
   <subfield code="z">Nord</subfield>
   <subfield code="2">gnd</subfield>
  </datafield>
  <datafield tag="689" ind1="0" ind2="1">
   <subfield code="d">g</subfield>
   <subfield code="0">(DE-588)4683452-7</subfield>
   <subfield code="0">(DE-627)347031439</subfield>
   <subfield code="0">(DE-576)214998835</subfield>
   <subfield code="a">Gallien</subfield>
   <subfield code="z">Ost</subfield>
   <subfield code="2">gnd</subfield>
  </datafield>
  <datafield tag="689" ind1="0" ind2="2">
   <subfield code="d">s</subfield>
   <subfield code="0">(DE-588)4019889-3</subfield>
   <subfield code="0">(DE-627)106320009</subfield>
   <subfield code="0">(DE-576)208931082</subfield>
   <subfield code="a">Geld</subfield>
   <subfield code="2">gnd</subfield>
  </datafield>
  <datafield tag="689" ind1="0" ind2="3">
   <subfield code="d">s</subfield>
   <subfield code="0">(DE-588)4040629-5</subfield>
   <subfield code="0">(DE-627)106222198</subfield>
   <subfield code="0">(DE-576)209041498</subfield>
   <subfield code="a">Münze</subfield>
   <subfield code="2">gnd</subfield>
  </datafield>
  <datafield tag="689" ind1="0" ind2="4">
   <subfield code="d">s</subfield>
   <subfield code="0">(DE-588)4071507-3</subfield>
   <subfield code="0">(DE-627)104642874</subfield>
   <subfield code="0">(DE-576)209184205</subfield>
   <subfield code="a">Funde</subfield>
   <subfield code="2">gnd</subfield>
  </datafield>
  <datafield tag="689" ind1="0" ind2="5">
   <subfield code="a">z</subfield>
   <subfield code="2">gnd</subfield>
   <subfield code="a">Geschichte 500 v. Chr.-600</subfield>
  </datafield>
  <datafield tag="689" ind1="0" ind2=" ">
   <subfield code="5">(DE-627)</subfield>
  </datafield>
  <datafield tag="700" ind1="1" ind2=" ">
   <subfield code="a">Martin, Stéphane</subfield>
   <subfield code="d">1985-</subfield>
   <subfield code="e">HerausgeberIn</subfield>
   <subfield code="0">(DE-588)1089837038</subfield>
   <subfield code="0">(DE-627)853640610</subfield>
   <subfield code="0">(DE-576)460502492</subfield>
   <subfield code="4">edt</subfield>
  </datafield>
  <datafield tag="710" ind1="2" ind2=" ">
   <subfield code="a">Institut national d'histoire de l'art</subfield>
   <subfield code="e">Gastgebende Institution</subfield>
   <subfield code="0">(DE-588)5007756-9</subfield>
   <subfield code="0">(DE-627)102587345</subfield>
   <subfield code="0">(DE-576)193390647</subfield>
   <subfield code="4">his</subfield>
  </datafield>
  <datafield tag="711" ind1="2" ind2=" ">
   <subfield code="a">Monnaies et marchés dans les campagnes de la Gaule du Nord</subfield>
   <subfield code="g">Veranstaltung</subfield>
   <subfield code="d">2015</subfield>
   <subfield code="c">Paris</subfield>
   <subfield code="j">VerfasserIn</subfield>
   <subfield code="0">(DE-588)1126204552</subfield>
   <subfield code="0">(DE-627)880817216</subfield>
   <subfield code="0">(DE-576)483770566</subfield>
   <subfield code="4">aut</subfield>
  </datafield>
  <datafield tag="787" ind1="0" ind2="8">
   <subfield code="i">Rezensiert in</subfield>
   <subfield code="a">Guihard, Pierre-Marie</subfield>
   <subfield code="t">[Rezension von: Stéphane Martin (Hrsg.), Monnaies et monétarisation dans les campagnes de la Gaule du Nord et de l'Est]</subfield>
   <subfield code="d">2017</subfield>
   <subfield code="w">(DE-627)1814793542</subfield>
  </datafield>
  <datafield tag="830" ind1=" " ind2="0">
   <subfield code="a">Ausonius éditions / Scripta antiqua</subfield>
   <subfield code="v">91</subfield>
   <subfield code="9">91</subfield>
   <subfield code="w">(DE-627)492855714</subfield>
   <subfield code="w">(DE-576)087493829</subfield>
   <subfield code="w">(DE-600)2195953-5</subfield>
   <subfield code="x">1298-1990</subfield>
   <subfield code="7">ns</subfield>
  </datafield>
  <datafield tag="856" ind1="4" ind2="2">
   <subfield code="u">https://swbplus.bsz-bw.de/bsz481062890inh.htm</subfield>
   <subfield code="m">V:DE-576;B:DE-16</subfield>
   <subfield code="q">application/pdf</subfield>
   <subfield code="v">20170320124902</subfield>
   <subfield code="3">Inhaltsverzeichnis</subfield>
  </datafield>
  <datafield tag="856" ind1="4" ind2="2">
   <subfield code="u">http://bvbr.bib-bvb.de:8991/F?func=service&amp;doc_library=BVB01&amp;local_base=BVB01&amp;doc_number=029293996&amp;line_number=0002&amp;func_code=DB_RECORDS&amp;service_type=MEDIA</subfield>
   <subfield code="x">Verlag</subfield>
   <subfield code="3">Klappentext</subfield>
  </datafield>
  <datafield tag="856" ind1="4" ind2="2">
   <subfield code="u">http://bvbr.bib-bvb.de:8991/F?func=service&amp;doc_library=BVB01&amp;local_base=BVB01&amp;doc_number=029293996&amp;line_number=0003&amp;func_code=DB_RECORDS&amp;service_type=MEDIA</subfield>
   <subfield code="x">Verlag</subfield>
   <subfield code="3">Cover</subfield>
  </datafield>
  <datafield tag="935" ind1=" " ind2=" ">
   <subfield code="h">SWB</subfield>
   <subfield code="i">4170rda</subfield>
  </datafield>
  <datafield tag="935" ind1=" " ind2=" ">
   <subfield code="i">Blocktest</subfield>
  </datafield>
  <datafield tag="936" ind1="r" ind2="v">
   <subfield code="a">NG 1700</subfield>
   <subfield code="b">Wirtschafts- und Sozialgeschichte</subfield>
   <subfield code="k">Geschichte</subfield>
   <subfield code="k">Alte Geschichte</subfield>
   <subfield code="k">Wirtschafts- und Sozialgeschichte</subfield>
   <subfield code="0">(DE-627)1271452316</subfield>
   <subfield code="0">(DE-625)rvk/125420:</subfield>
   <subfield code="0">(DE-576)201452316</subfield>
  </datafield>
  <datafield tag="936" ind1="r" ind2="v">
   <subfield code="a">NH 7744</subfield>
   <subfield code="b">Regionale Wirtschafts- und Sozialgeschichte</subfield>
   <subfield code="k">Geschichte</subfield>
   <subfield code="k">Griechisch-römische Geschichte</subfield>
   <subfield code="k">Römische Geschichte</subfield>
   <subfield code="k">Regionalgeschichte des Römischen Reiches</subfield>
   <subfield code="k">Westeuropa</subfield>
   <subfield code="k">Gallien (Aquitania, Gallia Lugdunensis, Belgica)</subfield>
   <subfield code="k">Regionale Wirtschafts- und Sozialgeschichte</subfield>
   <subfield code="0">(DE-627)1271805863</subfield>
   <subfield code="0">(DE-625)rvk/125787:12249</subfield>
   <subfield code="0">(DE-576)201805863</subfield>
  </datafield>
  <datafield tag="936" ind1="b" ind2="k">
   <subfield code="a">15.09</subfield>
   <subfield code="j">Wirtschaftsgeschichte</subfield>
   <subfield code="0">(DE-627)181569663</subfield>
  </datafield>
  <datafield tag="936" ind1="b" ind2="k">
   <subfield code="a">15.13</subfield>
   <subfield code="j">Numismatik</subfield>
   <subfield code="j">Sphragistik</subfield>
   <subfield code="0">(DE-627)106404598</subfield>
  </datafield>
  <datafield tag="936" ind1="b" ind2="k">
   <subfield code="a">15.19</subfield>
   <subfield code="j">Vor- und Frühgeschichte</subfield>
   <subfield code="0">(DE-627)10640329X</subfield>
  </datafield>
  <datafield tag="936" ind1="b" ind2="k">
   <subfield code="a">15.28</subfield>
   <subfield code="j">Römisches Reich</subfield>
   <subfield code="0">(DE-627)106405128</subfield>
  </datafield>
  <datafield tag="951" ind1=" " ind2=" ">
   <subfield code="a">BO</subfield>
  </datafield>
  <datafield tag="990" ind1=" " ind2=" ">
   <subfield code="a">Gallien</subfield>
  </datafield>
  <datafield tag="990" ind1=" " ind2=" ">
   <subfield code="a">Gallien</subfield>
  </datafield>
  <datafield tag="990" ind1=" " ind2=" ">
   <subfield code="a">Geld</subfield>
  </datafield>
  <datafield tag="990" ind1=" " ind2=" ">
   <subfield code="a">Münze</subfield>
  </datafield>
  <datafield tag="990" ind1=" " ind2=" ">
   <subfield code="a">Funde</subfield>
  </datafield>
  <datafield tag="990" ind1=" " ind2=" ">
   <subfield code="a">Geschichte 500 v. Chr.-600</subfield>
  </datafield>
  <datafield tag="991" ind1=" " ind2=" ">
   <subfield code="a">Rezensiertes Werk</subfield>
  </datafield>
  <datafield tag="999" ind1=" " ind2=" ">
   <subfield code="a">KXP-PPN873124812</subfield>
   <subfield code="e">4182296818</subfield>
  </datafield>
 </record>
</collection>
